| 000 | 00843nam a2200253 u 4500 | ||
|---|---|---|---|
| 003 | MX-MxUPN | ||
| 005 | 20220923145801.0 | ||
| 008 | 081015s2007 mx r 000 0 spa d | ||
| 020 | _a9707708571 (10 dígitos) | ||
| 020 | _a9789707708570 (13 dígitos) | ||
| 035 | _aUPN01000163665 | ||
| 040 |
_aMX-MxUPN _bspa _cMX-MxUPN |
||
| 049 | _aCG | ||
| 050 | 4 |
_aBD22 _bF4.2 |
|
| 100 | 1 |
_aFerry, Luc _946725 |
|
| 245 | 1 | 0 |
_aAprender a vivir : _bfilosofía para mentes jóvenes / _cLuc Ferry ; tr. de Sandra Chaparro Martínez. |
| 260 |
_aMéxico : _bTaurus, _c2007. |
||
| 300 | _a322 p. | ||
| 440 | 0 | _aPensamiento | |
| 534 |
_pTítulo original : _tApprendre á vivre. Traité de philosophie á l'usage des jeunes générations |
||
| 650 | 4 |
_aFILOSOFIA - _xTRABAJOS POPULARES _911992 |
|
| 650 | 7 |
_aFilosofía francesa _2 _911991 |
|
| 905 | _aLibro | ||
| 999 |
_c135778 _d135778 |
||